zpět

Detail výsledku týmu

Pivovarský Dvůr PO, Liberec

Datum a čas kvízu

30 Celkem bodů Celkový počet nahraných bodů na tomto kvízu bez doplňovacích otázek.
4. Pořadí na kvízu Konečné umístění týmu na tomto kvízu.

Zaznamenané odpovědi

# Otázka Odpověď Body Výsledky
1. Minulý týden navštívil naši re... uctění památky československých parašutistů 0
2. Na sociálních sítích v těchto... přejít pyramidu z přepravek 1
3. Třicetiletý Spencer Elden se h... Nirvana, Nevermind 0.5
4. Jeden maloobchodní řetězec půs... Lidl 1
5. Hokejistům Plzně vypomůže v úv... Dominik Furch 0
6. Toto téma nelze začít jinak, n... 1C 2A 3B 4D 1
7. Mezi nejznámější kutily patří... Pat 1
8. Hlavní postavu kutila Tima ze... Al 0
9. Americký televizní kutilský po... Vanilla Ice 0
10. Do kategorie kutilů můžeme poč... z kuřecích kůžiček 1